| 000 | 00839cab a2200313 4500 | ||
|---|---|---|---|
| 001 | ABS50117 | ||
| 008 | 090401t1994 xxu||||| |||| 00| 0 eng d | ||
| 035 | _a(Sirsi) u74258 | ||
| 041 | _aeng | ||
| 245 | _aFocus `94: West and South Yorkshire | ||
| 260 | _c1994 | ||
| 350 | _a0 | ||
| 490 |
_aEstates Gazette _v(9406) 12 February 1994, 67-121(27) |
||
| 650 | _aBRADFORD | ||
| 650 | _aDEAN CLOUGH | ||
| 650 | _aEG/APR REGIONAL OCCUPIER SURVEY | ||
| 650 | _aGARDINER AND THEOBALD TENDER PRICE INDICATOR | ||
| 650 | _aHALIFAX | ||
| 650 | _aHUDDERSFIELD | ||
| 650 | _aLEEDS | ||
| 650 | _aM62 CORRIDOR | ||
| 650 | _aMEADOWHALL | ||
| 650 | _aSHEFFIELD | ||
| 650 | _aSOUTH YORKSHIRE | ||
| 650 | _aWEST YORKSHIRE | ||
| 690 | _aPROPERTY-COMMERCIAL PROPERTY-COMMERCIAL PROPERTY MARKET | ||
| 942 | _n0 | ||
| 948 | _c04/03/1997 | ||
| 999 |
_c46874 _d46874 |
||